FAO animal production and health paper N.137 Developing national emergency prevention systems for transboundary animal diseases

Gespeichert in:
Bibliographische Detailangaben
1. Verfasser: FAO
Format: Buch
Sprache:Undetermined
Veröffentlicht: Rome FAO 1997
Schlagworte:
Tags: Tag hinzufügen
Keine Tags, Fügen Sie den ersten Tag hinzu!
Thư viện lưu trữ: Trung tâm Học liệu Trường Đại học Cần Thơ
LEADER 00579nam a2200193Ia 4500
001 CTU_22154
008 210402s9999 xx 000 0 und d
082 |a 636 
082 |b F218/N137 
100 |a FAO 
245 0 |a FAO animal production and health paper N.137 
245 0 |b Developing national emergency prevention systems for transboundary animal diseases 
245 0 |c FAO 
260 |a Rome 
260 |b FAO 
260 |c 1997 
650 |a veterinary medicine 
904 |i Nguyễn Quang Điền, 980323 
980 |a Trung tâm Học liệu Trường Đại học Cần Thơ